| 000 | 00404cam a2200157ua 4500 | ||
|---|---|---|---|
| 041 |
_aeng _h |
||
| 082 |
_a371.4 _bLAN/UN |
||
| 100 | _aLane, Howard . | ||
| 245 |
_aUnderstanding human development / _cHoward Lane. _hTextual Documents |
||
| 260 |
_aNew Jersey : _bPrentice Hall Inc , _c1961. |
||
| 300 | _a492 ; . | ||
| 504 | _a | ||
| 700 | 1 | _aBeauchamp, Mary . | |
| 942 | _cBK | ||
| 999 |
_c11763 _d11763 |
||